|
|
|
|
| LEADER |
01925nam a22003853i 4500 |
| 001 |
EBC7127849 |
| 003 |
MiAaPQ |
| 005 |
20231204023228.0 |
| 006 |
m o d | |
| 007 |
cr cnu|||||||| |
| 008 |
231204s2022 xx o ||||0 eng d |
| 020 |
|
|
|a 9783110717365
|q (electronic bk.)
|
| 035 |
|
|
|a (MiAaPQ)EBC7127849
|
| 035 |
|
|
|a (Au-PeEL)EBL7127849
|
| 035 |
|
|
|a (OCoLC)1337159094
|
| 040 |
|
|
|a MiAaPQ
|b eng
|e rda
|e pn
|c MiAaPQ
|d MiAaPQ
|
| 082 |
0 |
|
|a 201.7621
|
| 100 |
1 |
|
|a Grung, Anne Hege.
|
| 245 |
1 |
0 |
|a Complexities of Spiritual Care in Plural Societies :
|b Education, Praxis and Concepts.
|
| 250 |
|
|
|a 1st ed.
|
| 264 |
|
1 |
|a Berlin/Boston :
|b Walter de Gruyter GmbH,
|c 2022.
|
| 264 |
|
4 |
|c Ã2023.
|
| 300 |
|
|
|a 1 online resource (280 pages)
|
| 336 |
|
|
|a text
|b txt
|2 rdacontent
|
| 337 |
|
|
|a computer
|b c
|2 rdamedia
|
| 338 |
|
|
|a online resource
|b cr
|2 rdacarrier
|
| 490 |
1 |
|
|a Studies in Spiritual Care Series ;
|v v.8
|
| 520 |
|
|
|a The interdisciplinary book series Studies in Spiritual Care publishes international research ranging from studies on specific aspects of Spiritual Care to programmatic contributions to the self-understanding of this new practice and research area. The series is of interest to professionals working in the field as well as to students and scholars.
|
| 588 |
|
|
|a Description based on publisher supplied metadata and other sources.
|
| 590 |
|
|
|a Electronic reproduction. Ann Arbor, Michigan : ProQuest Ebook Central, 2023. Available via World Wide Web. Access may be limited to ProQuest Ebook Central affiliated libraries.
|
| 655 |
|
4 |
|a Electronic books.
|
| 776 |
0 |
8 |
|i Print version:
|a Grung, Anne Hege
|t Complexities of Spiritual Care in Plural Societies
|d Berlin/Boston : Walter de Gruyter GmbH,c2022
|
| 797 |
2 |
|
|a ProQuest (Firm)
|
| 830 |
|
0 |
|a Studies in Spiritual Care Series
|
| 856 |
4 |
0 |
|u https://ebookcentral.proquest.com/lib/matrademy/detail.action?docID=7127849
|z Click to View
|